| 000 | 00582nam a22001937a 4500 | ||
|---|---|---|---|
| 999 |
_c191707 _d191707 |
||
| 005 | 20220901112048.0 | ||
| 010 | _aENG-134847 | ||
| 020 |
_a9788175224612 _c1500.00 |
||
| 035 | _aEN-118379 | ||
| 037 | _bDBAD/PUB | ||
| 082 | _a880 | ||
| 245 |
_aThe Essential Tagore/ _cEdited by Fakrul Alam & Radha Chakravarty |
||
| 260 |
_aKolkata _bKumkum Bhattacharya _c2011 |
||
| 270 |
_a6 Acharya Jagadish Chandra Bose Road _bKolkata _e700017 |
||
| 300 |
_axxxii, 761p _c24cm(hb) |
||
| 700 | _aAlam, Fakrul | ||
| 700 | _aChakravarty, Radha | ||
| 942 |
_2ddc _cEN _h880 _mESS |
||